[Event "ch-RUS Higher League"]
[Site "Irkutsk RUS"]
[Date "2010.09.03"]
[Round "8"]
[White "Maslak,K"]
[Black "Bukavshin,I"]
[Result "0-1"]
[WhiteElo "2560"]
[BlackElo "2430"]

1.d4 Nf6 2.Bg5 d5 3.e3 c5 4.Bxf6 gxf6 5.Bb5+ Bd7 6.Bxd7+ Qxd7 7.Nf3 Nc6 8.Nc3 cxd4
9.exd4 O-O-O 10.Ne2 e5 11.O-O h5 12.Nh4 Rg8 13.g3 Be7 14.Qd3 e4 15.Qe3 f5
16.Ng2 h4 17.c3 Bg5 18.f4 Bf6 19.Kf2 Rh8 20.Rh1 Rh7 21.Rag1 Rdh8 22.Qc1 Kb8
23.Ne3 Ne7 24.Qf1 Qb5 25.Qb1 Qa6 26.a3 Qb5 27.g4 fxg4 28.Rxg4 h3 29.Ke1 Bh4+
30.Kd2 Bf2 31.Nd1 Bh4 32.Ne3 f5 33.Rgg1 Bf2 34.Rg5 Nc6 35.Nxf5 Na5 36.Qc2 Nb3+
37.Kd1 Na1 38.Qb1 Qa4+ 39.b3 Nxb3 40.Qc2 Qxa3 41.Nc1 Nxc1 42.Qxc1 Qa6 43.Qc2 Rc8
44.Kd2 Rhc7 45.Rc1 Qa3 46.Rg6 Qf8 47.Rg5 Rf7 48.Rf1 Rxf5 49.Rxf5 Qxf5 50.Rxf2 Qg4
51.Qc1 a6 52.Ke3 Ka8 53.Qa1 Rc7 54.Qa5 Qd1 55.f5 Qc1+ 56.Ke2 Rxc3  0-1

[Event "7th Malaysia Open"]
[Site "Kuala Lumpur MAS"]
[Date "2010.09.03"]
[Round "4"]
[White "Duong The Anh"]
[Black "Iuldachev,S"]
[Result "0-1"]
[WhiteElo "2420"]
[BlackElo "2496"]

1.d4 Nf6 2.Bg5 d5 3.e3 c5 4.Bxf6 gxf6 5.c4 cxd4 6.exd4 Nc6 7.Nc3 dxc4 8.d5 Ne5
9.f4 Ng4 10.Qd2 Qb6 11.Bxc4 Bh6 12.d6 e5 13.Nd5 Bxf4 14.Qe2 Qxd6 15.Rd1 O-O
16.Nf3 b5 17.Bb3 Qc5 18.g3 Bh6 19.h3 Ne3 20.Nxf6+ Kh8 21.Qd3 Qb4+ 22.Ke2 e4
23.Nxe4 Nxd1 24.Rxd1 Bf5 25.Qc3+ Qxc3 26.Nxc3 Rae8+ 27.Kf2 Bxh3 28.Nd5 Be6
29.Rh1 Bxd5 30.Bxd5 Kg7 31.g4 Be3+ 32.Kg3 f5 33.g5 Bb6 34.Bc6 Re2  0-1

[Event "7th Malaysia Open"]
[Site "Kuala Lumpur MAS"]
[Date "2010.09.04"]
[Round "6"]
[White "Duong The Anh"]
[Black "Sethuraman,S"]
[Result "0-1"]
[WhiteElo "2420"]
[BlackElo "2535"]

1.d4 d5 2.Bg5 Nf6 3.Bxf6 exf6 4.e3 c6 5.g3 Bb4+ 6.c3 Bd6 7.Bg2 O-O 8.Ne2 Bg4
9.O-O Na6 10.Nd2 Re8 11.f3 Bf5 12.e4 dxe4 13.fxe4 Bg4 14.Nc4 c5 15.Ne3 Bh5
16.g4 Bg6 17.Nf5 Nc7 18.Qb3 Ne6 19.Rad1 Qc7 20.Nxd6 Qxd6 21.Qxb7 Rab8 22.Qd5 Qa6
23.Nf4 Red8 24.Nxe6 Rxd5 25.Nc7 Qe2 26.Rfe1 Qxg4 27.exd5 h5 28.b3 h4 29.h3 Qg3
30.Na6 Rd8 31.Nxc5 Rxd5 32.Re8+ Kh7  0-1

[Event "7th Malaysia Open"]
[Site "Kuala Lumpur MAS"]
[Date "2010.09.05"]
[Round "7"]
[White "Nadanian,A"]
[Black "Nguyen Anh Dung"]
[Result "1/2-1/2"]
[WhiteElo "2411"]
[BlackElo "2500"]

1.d4 Nf6 2.Bg5 d5 3.Bxf6 exf6 4.e3 Bd6 5.c4 dxc4 6.Bxc4 O-O 7.Nc3 f5 8.Qf3 Nd7
9.O-O-O Nf6 10.Nge2 g6 11.h3 Kg7 12.Nf4 Rb8 13.Rhg1 h5 14.Qg3 Qe7 15.Qg5 Rh8
16.Bd3 Bd7 17.Kb1 b5 18.f3 Rbe8 19.Nxb5 Bxb5 20.Bxb5 Qxe3 21.Qxf6+ Kxf6 22.Nd5+ Kg5
23.Nxe3 Rxe3 24.Rge1 f4 25.Kc2 f5 26.b3 Kh4 27.Rxe3 fxe3 28.Kd3 f4 29.Ke2 Kg3
30.Kf1 g5 31.Be2 Rd8 32.Rc1 a5 33.Rc4 Bb4 34.Rxc7 Rxd4 35.Rc2 Bd6 36.Rc1 Bb4
37.Rc2 Rd6 38.Kg1 Rd8 39.Kf1 Rd5 40.Kg1 Be1 41.Kf1 Bb4 42.Kg1 Rd8 43.Kf1 Kh2
44.a4 Rd6 45.Ra2 Rc6 46.Bc4 Kg3 47.Rc2 Rc7 48.Ra2 g4 49.hxg4 hxg4 50.fxg4 Kxg4
51.Ke2 Kg3 52.Bd5 Rc1 53.Be4 Rg1 54.Rb2 Bd2 55.Rb1 Rxb1 56.Bxb1 Kxg2 57.Be4+ Kg3
58.Bc6 Bb4 59.Bb7 Bc5 60.Bf3  1/2-1/2

[Event "TCh-CRO Women"]
[Site "Sibenik CRO"]
[Date "2010.09.07"]
[Round "4"]
[White "Starcevic,A"]
[Black "Stadler,Bri"]
[Result "1/2-1/2"]
[WhiteElo "1770"]
[BlackElo "2112"]

1.d4 Nf6 2.Bg5 c5 3.Bxf6 gxf6 4.c3 cxd4 5.cxd4 Nc6 6.Nf3 Qb6 7.Qd2 d6 8.h3 Bg7
9.Nc3 Qa5 10.e3 O-O 11.Bd3 f5 12.Rc1 a6 13.O-O Kh8 14.Qe2 Bf6 15.Nh2 f4 16.Ng4 Bg7
17.a3 Qh5 18.Qf3 f5 19.Nh2 Qg6 20.Nd5 Qf7 21.Nxf4 e5 22.Bc4 Qe8 23.Nd5 Rb8
24.dxe5 Nxe5 25.Qf4 Nxc4 26.Rxc4 Be5 27.Qh6 Rf7 28.Rc2 Bd7 29.Nf3 Bc6 30.Nxe5 Qxe5
31.Nf4 Rg7 32.Rxc6 bxc6 33.b4 Kg8  1/2-1/2

[Event "FSIMA September"]
[Site "Budapest HUN"]
[Date "2010.09.08"]
[Round "5"]
[White "Tran Tuan Minh"]
[Black "Getz,N"]
[Result "1/2-1/2"]
[WhiteElo "2227"]
[BlackElo "2276"]

1.d4 Nf6 2.Bg5 d5 3.Bxf6 exf6 4.e3 Bd6 5.Nd2 O-O 6.Ne2 f5 7.g3 Nd7 8.Bg2 c6
9.O-O g6 10.c4 dxc4 11.Nxc4 Bc7 12.Nc3 Nf6 13.Qe2 Be6 14.Rfd1 Nd5 15.Nxd5 Bxd5
16.Bxd5 Qxd5 17.Nd2 Rfe8 18.Qc4 Qd6 19.Rac1 h5 20.d5 h4 21.dxc6 hxg3 22.hxg3 b5
23.Qb3 Qf6 24.Nf3 Bb6 25.Rd7 Rac8 26.Qxb5 Rxe3 27.fxe3 Bxe3+ 28.Kf1 Bxc1
29.c7 Qe6 30.Rd8+ Kh7 31.Rxc8 Qxc8 32.Qb8 Qa6+ 33.Kf2 Qd3 34.c8=Q Qe3+ 35.Kg2 Qe2+
36.Kh3  1/2-1/2

[Event "12th Open"]
[Site "Trieste ITA"]
[Date "2010.09.08"]
[Round "6"]
[White "De Val,D"]
[Black "Sorbera,G"]
[Result "0-1"]
[WhiteElo "2249"]
[BlackElo "2057"]

1.d4 Nf6 2.Bg5 d5 3.Nd2 Nbd7 4.Ngf3 g6 5.e3 Bg7 6.Bd3 O-O 7.O-O Re8 8.c4 c6
9.cxd5 Nxd5 10.a3 b5 11.Rc1 Bb7 12.e4 N5b6 13.Nb3 Na4 14.Qe2 a6 15.Rc2 Qc7
16.Rfc1 Rac8 17.Nbd2 e5 18.d5 c5 19.b3 Nab6 20.a4 Nxd5 21.exd5 e4 22.Bxe4 f5
23.d6 Qb8 24.Be7 fxe4 25.Ng5 Bf6 26.Ndxe4 Bxe7 27.dxe7 Qe5 28.Re1 h6 29.Nf3 Qxe7
30.Nfd2 Bc6 31.axb5 axb5 32.Rc3 Nf6 33.f3 Kg7 34.Qf2 Bd5 35.Rce3 Nxe4 36.Nxe4 Bxe4
37.Rxe4 Qf7 38.Qb2+ Kh7 39.h4 Rxe4 40.Rxe4 Re8 41.Rg4 h5 42.Rg5 Re1+ 43.Kf2 Qf4
44.Rxh5+ gxh5 45.Kxe1 Qxh4+ 46.Ke2 Qg5 47.Qc2+ Kh6 48.Kf2 Qd5 49.Qc3 Kg6
50.Ke3 h4 51.Qc2+ Kf6 52.f4 Qd4+ 53.Kf3 c4 54.bxc4 bxc4 55.g4 Qd3+  0-1

[Event "5th XtraCon Open"]
[Site "Borup DEN"]
[Date "2010.09.11"]
[Round "7"]
[White "Brondum,E"]
[Black "Thomsen,P"]
[Result "1/2-1/2"]
[WhiteElo "2105"]
[BlackElo "1930"]

1.d4 Nf6 2.Bg5 g6 3.Bxf6 exf6 4.e3 Bg7 5.g3 O-O 6.Bg2 d6 7.Ne2 c6 8.Nd2 Nd7
9.O-O Re8 10.c4 f5 11.Rb1 Nf6 12.b4 Bd7 13.a4 a6 14.Nc3 Ra7 15.a5 c5 16.Na4 cxd4
17.exd4 Bc6 18.d5 Bxa4 19.Qxa4 Re2 20.Rbd1 Ra8 21.Rfe1 Qe7 22.Rxe2 Qxe2 23.Bf3 Qe8
24.Qxe8+ Nxe8 25.Rb1 Bc3 26.Nf1 Rc8 27.Be2 Nf6 28.Rb3 Be1 29.Rb1 Bc3 30.Rb3 Be1
31.Rb1 Bc3  1/2-1/2

[Event "TCh-CRO Women"]
[Site "Sibenik CRO"]
[Date "2010.09.11"]
[Round "8"]
[White "Starcevic,A"]
[Black "Mrakovcic,K"]
[Result "1-0"]
[WhiteElo "1770"]
[BlackElo "1712"]

1.d4 Nf6 2.Bg5 d5 3.Bxf6 gxf6 4.e3 c5 5.c3 Qb6 6.Qc2 Nc6 7.h3 Bd7 8.Nf3 Rc8
9.dxc5 Qxc5 10.Nbd2 e5 11.Nb3 Qb6 12.Qd2 Be6 13.Be2 Rg8 14.g3 a5 15.Bd1 h5
16.Nh4 Rh8 17.Bf3 e4 18.Be2 a4 19.Nc1 Ke7 20.Rb1 Ne5 21.Ng2 Ng6 22.Bd1 Qc6
23.Ne2 Bd7 24.Nef4 Be6 25.Nxh5 Bh6 26.Qd4 Ne5 27.Ngf4 b5 28.Be2 Qc5 29.Rd1 Rhd8
30.Kf1 a3 31.b3 Qxc3 32.Qa7+ Rd7 33.Qxa3+ b4 34.Qa5 Rc5 35.Qb6 Rd6 36.Qa7+ Rc7
37.Qd4 Qc5 38.Kg2 Qc3 39.g4 Qxd4 40.Rxd4 Nc6 41.Rd2 Ra7 42.Rhd1 Ne5 43.Rc2 Rc6
44.Rxc6 Nxc6 45.Nxd5+ Bxd5 46.Rxd5 Rxa2 47.Ng3 Bf8 48.Bb5  1-0

[Event "Open"]
[Site "Livigno ITA"]
[Date "2010.09.14"]
[Round "5"]
[White "Vyskocil,N"]
[Black "Raineri,V"]
[Result "1-0"]
[WhiteElo "2376"]
[BlackElo "2114"]

1.d4 Nf6 2.Bg5 g6 3.Bxf6 exf6 4.e3 Bg7 5.c4 d6 6.Nc3 f5 7.g3 Nd7 8.Bg2 Nf6
9.Nge2 c6 10.b4 O-O 11.O-O Re8 12.Rb1 Qc7 13.b5 Bd7 14.Qd3 Rab8 15.Rb3 Be6
16.Nf4 g5 17.Nxe6 fxe6 18.bxc6 bxc6 19.Rxb8 Rxb8 20.d5 cxd5 21.cxd5 e5 22.e4 f4
23.Rc1 Rb2 24.Rc2 Rxc2 25.Qxc2 Qc5 26.Qd2 Qc4 27.Qb2 Bf8 28.Qb3 Qd4 29.Qc2 Ng4
30.Nd1 Nf6 31.Nc3 Ng4 32.Nb5 Qa1+ 33.Bf1 Nxh2 34.Qd3 Qxf1+ 35.Qxf1 Nxf1 36.Kxf1 a6
37.Nc7 a5 38.Nb5 Kf7 39.Na3 Kg6 40.Nc4 Kh5 41.Nxa5 Kg4 42.Kg2 fxg3 43.fxg3 h5
44.Nc6 h4 45.a4 h3+ 46.Kh2 Kf3 47.a5 g4 48.a6 Bh6 49.a7 Bf4 50.a8=Q Bxg3+
51.Kh1 Bf2 52.Qf8+ Ke2 53.Qf5  1-0

[Event "WCh w Blitz Final"]
[Site "Moscow RUS"]
[Date "2010.09.17"]
[Round "5"]
[White "Stefanova,A"]
[Black "Kosintseva,T"]
[Result "1-0"]
[WhiteElo "2551"]
[BlackElo "2573"]

1.d4 Nf6 2.Bg5 d5 3.e3 g6 4.c4 Bg7 5.Nc3 c6 6.Bd3 O-O 7.Rc1 dxc4 8.Bxc4 b5
9.Bd3 Nbd7 10.Nf3 a6 11.a4 Bb7 12.O-O Rc8 13.Qe2 b4 14.Nb1 Qa5 15.Nbd2 c5
16.Nb3 Qxa4 17.Nxc5 Nxc5 18.dxc5 Qc6 19.Rfd1 Rfd8 20.Qf1 Rd5 21.Nd4 Qe8 22.Bxf6 exf6
23.c6 Bxc6 24.Bxa6 Rc7 25.Qc4 f5 26.Nxc6 Rxd1+ 27.Rxd1 Rxc6 28.Qe2 h5 29.Bb5 Qe6
30.Bxc6 Qxc6 31.b3 Qc3 32.Qc4 Kh7 33.Qxf7 Qc2 34.Qd5 Kh6 35.h3 Bc3 36.g3 Qe2
37.Qd3 Qf3 38.Qf1 Qc6 39.Rd8 Qf6 40.Qd3 h4 41.Rd7 hxg3 42.fxg3 Qe5 43.Kg2 Qe6
44.Rd6 Qxb3 45.Qxf5 Qa2+ 46.Kf3 Qg8 47.Qf4+ Kg7 48.Rd7+  1-0

[Event "WCh w Blitz Final"]
[Site "Moscow RUS"]
[Date "2010.09.17"]
[Round "7"]
[White "Stefanova,A"]
[Black "Kosintseva,N"]
[Result "1/2-1/2"]
[WhiteElo "2551"]
[BlackElo "2565"]

1.d4 Nf6 2.Bg5 d5 3.e3 c6 4.Bxf6 exf6 5.Ne2 f5 6.g3 Nd7 7.Bg2 Nf6 8.Qd3 g6
9.b3 Bg7 10.c4 O-O 11.Nbc3 Be6 12.O-O Ne4 13.cxd5 cxd5 14.Rfc1 Qd7 15.h4 Rfc8
16.Rc2 Rc6 17.Rac1 Rac8 18.Na4 Bf8 19.f3 Rxc2 20.Rxc2 Rxc2 21.Qxc2 Nf6 22.Nf4 Bd6
23.Bf1 b6 24.Bd3 Ne8 25.Nc3 Nc7 26.a4 a6 27.Nce2 b5 28.axb5 Nxb5 29.h5 Kg7
30.hxg6 hxg6 31.Kf2 Bb4 32.Bxb5 axb5 33.Nd3 Bd6 34.Nc5 Qe7 35.b4 Qa7 36.Nf4 Bxc5
37.dxc5 g5 38.Nxe6+ fxe6 39.c6 Qc7 40.Qc5 Kg6 41.Qxb5 f4 42.Qd3+ Kh6 43.exf4 gxf4
44.Qd2 Qxc6 45.Qxf4+ Kg6 46.Qd2 Qb5 47.Qc2+ Kf6 48.Qc5 Qd3 49.g4 e5 50.b5 d4
51.b6 Qb3 52.Qd6+ Kf7 53.Qc7+ Kg6 54.b7 Qe3+ 55.Kg3 Qf4+ 56.Kg2 Qd2+ 57.Kh3 Qh6+
58.Kg3 Qf4+ 59.Kg2 Qd2+  1/2-1/2

[Event "39th Olympiad Men"]
[Site "Khanty-Mansiysk RUS"]
[Date "2010.09.23"]
[Round "3"]
[White "Montalvo,A"]
[Black "Smerdon,D"]
[Result "0-1"]
[WhiteElo "2250"]
[BlackElo "2526"]

1.d4 Nf6 2.Bg5 c5 3.d5 g6 4.c4 Qb6 5.Bc1 Ne4 6.Nd2 Nxd2 7.Qxd2 Bg7 8.e4 e6
9.Bd3 d6 10.Ne2 exd5 11.exd5 O-O 12.O-O Nd7 13.f4 f5 14.Rb1 Nf6 15.b3 Nxd5
16.cxd5 c4+ 17.Kh1 cxd3 18.Qxd3 Bd7 19.Be3 Bb5 20.Qd2 Qa6 21.Rfe1 Bxe2 22.Rxe2 Rfe8
23.Rbe1 Re4 24.Bg1 Bc3 25.Qxc3 Rxe2 26.Rxe2 Qxe2 27.Qc7 Re8 28.Qxb7 Qd2 29.h3 Qxf4
30.Qb5 Re1 31.Qb8+ Kg7 32.Qxa7+ Kh6 33.Qb6 Re2 34.Qd8 Qe4  0-1

[Event "39th Olympiad Women"]
[Site "Khanty-Mansiysk RUS"]
[Date "2010.09.24"]
[Round "4"]
[White "Meenakshi,Sub"]
[Black "Videnova,I"]
[Result "1/2-1/2"]
[WhiteElo "2336"]
[BlackElo "2283"]

1.d4 Nf6 2.Bg5 c5 3.Nc3 cxd4 4.Qxd4 Nc6 5.Qh4 e6 6.e4 Be7 7.f4 Qb6 8.O-O-O Qe3+
9.Kb1 Nxe4 10.Nxe4 Qxe4 11.Bd3 Qa4 12.Bxe7 Nxe7 13.Ne2 Nd5 14.Rhe1 b5 15.b3 Qb4
16.Bxb5 Ne3 17.Bc6 Nf5 18.Qg5 h6 19.Qxf5 exf5 20.Nd4+ Kf8 21.Bxa8 g6 22.g3 Bb7
23.Bxb7 Qxb7 24.Rd3 Kg7 25.Nf3 d6 26.Re2 a5 27.a4 Rc8 28.Ka2 Rc7 29.Nd4 Re7
30.Rxe7 Qxe7 31.h4 Qc7 32.Kb2 Qc5 33.Nb5 d5 34.Nc3 d4 35.Nb5 g5 36.hxg5 hxg5
37.fxg5 Kg6 38.Nxd4 Kxg5 39.c3 Kg4 40.Rf3 Qd5 41.Rxf5 Qg2+ 42.Kc1 Qh1+ 43.Kd2 Qg2+
44.Kd3 Qxg3+ 45.Kc4 Qc7+ 46.Kd3 Qg3+ 47.Kc4 Qc7+ 48.Rc5 Qb6 49.Rc6 Qd8 50.Rc5 Qb6
51.Rc6 Qd8 52.b4 f5 53.b5 Qg8+ 54.Kc5 Qf8+ 55.Kb6 f4 56.Kxa5 f3 57.Nxf3 Qa8+
58.Kb4 Kxf3 59.c4 Qe8 60.Ka5 Qa8+ 61.Kb4 Qe8 62.Rd6 Qe1+ 63.Kc5 Qa5 64.Rd5 Qc7+
65.Kb4 Qe7+ 66.Kb3 Qe3+ 67.Kb4 Qe7+ 68.Kb3 Qe3+ 69.Kb2 Qe2+ 70.Kc3 Qe1+ 71.Kb3  1/2-1/2

[Event "39th Olympiad Women"]
[Site "Khanty-Mansiysk RUS"]
[Date "2010.09.25"]
[Round "5"]
[White "Muhtojzoda,A"]
[Black "Vazquez Maccarini,Danitza"]
[Result "1-0"]
[WhiteElo "1696"]
[BlackElo "1818"]

1.d4 d5 2.Bg5 Nf6 3.Nd2 e6 4.f3 Be7 5.e3 h6 6.Bh4 Nbd7 7.Bd3 c5 8.b3 a6 9.a4 e5
10.Ne2 b6 11.O-O O-O 12.Bf5 exd4 13.exd4 Qc7 14.c4 cxd4 15.Nxd4 Bc5 16.Bf2 Qf4
17.Bxd7 Bxd4 18.Bc6 Bxa1 19.Bxa8 Bd4 20.Bxd5 Bxf2+ 21.Rxf2 Nxd5 22.cxd5 Qd4
23.Qc2 Qxd5 24.Nc4 Bf5 25.Qd2 Qc5 26.Qe3 Qxe3 27.Nxe3 Be6 28.Rb2 Rc8 29.Nc2 Kf8
30.Kf2 Rc3 31.Nd4 Ke7 32.Ke2 Rc5 33.Kd3 f5 34.Re2 Rd5 35.Rxe6+ Kd7 36.Rxb6 a5
37.Rb5 Rxb5 38.axb5 g6 39.Nc6 Kc7 40.Ne7 Kd6 41.b6 Kd7 42.Kc4 g5 43.Kc5 f4
44.Nd5 Kc8 45.Kc6 h5 46.b7+ Kb8 47.Nb6 h4 48.Nd7+ Ka7 49.b8=Q+  1-0

[Event "39th Olympiad Men"]
[Site "Khanty-Mansiysk RUS"]
[Date "2010.09.25"]
[Round "5"]
[White "Mehmeti,D"]
[Black "Fernando,D"]
[Result "1-0"]
[WhiteElo "2415"]
[BlackElo "2475"]

1.d4 Nf6 2.Bg5 d5 3.Nd2 c6 4.e3 Bg4 5.Ngf3 Nbd7 6.h3 Bf5 7.c4 e6 8.Be2 Bd6
9.O-O h6 10.Bf4 Bxf4 11.exf4 dxc4 12.Nxc4 Nb6 13.Ne3 O-O 14.Nxf5 exf5 15.g3 Qd6
16.Re1 Rad8 17.Qc2 g6 18.a3 Kg7 19.b4 Nbd5 20.Qc5 Ne4 21.Qxd6 Nxd6 22.Bd3 Rfe8
23.Kf1 Rxe1+ 24.Rxe1 Ra8 25.Re5 Rd8 26.Re1 f6 27.Nd2 Kf7 28.Nb3 Nb5 29.Bxb5 cxb5
30.Rc1 b6 31.Ke2 Ke6 32.Kd3 Kd6 33.h4 Ra8 34.Rc2 g5 35.fxg5 fxg5 36.hxg5 hxg5
37.Rc1 Rh8 38.Nd2 Rh2 39.Ke2 g4 40.Rc8 Ne7 41.Rd8+ Kc7 42.Rf8 Rh1 43.Nf1 a5
44.Rf7 Kd7 45.Rf6 a4 46.Ne3 Ra1 47.Rxb6 Nc6 48.Nxf5 Rxa3 49.Rxb5 Rb3 50.d5 Nxb4
51.Rb7+ Kd8 52.Nd4 Rb2+ 53.Kf1 Kc8 54.Ra7 Nd3 55.d6 Ne5 56.Rxa4 Kd7 57.Ra7+ Kxd6
58.Nf5+ Ke6 59.Ne3 Rb1+ 60.Kg2 Rb4 61.Ra6+ Kf7 62.Rf6+ Kxf6 63.Nd5+ Kf5 64.Nxb4 Ke4
65.Nc2 Nd7 66.Kf1 Ne5 67.Ke2 Nf3 68.Ne3 Ne5 69.Nf1 Kd4 70.Nh2 Ke4 71.Ke1 Kd3
72.Kd1 Kd4 73.Kd2 Ke4 74.Ke2 Kd4 75.Kf1 Ke4 76.Kg2 Kd4 77.f4 Ng6 78.Nxg4 Ke4
79.Nf2+ Ke3 80.Nh3 Ke4 81.Kf2 Nf8 82.Ng5+ Kd4 83.Kf3  1-0

[Event "39th Olympiad Women"]
[Site "Khanty-Mansiysk RUS"]
[Date "2010.09.25"]
[Round "5"]
[White "Ho En Huei,D"]
[Black "Stojanovic,MarijaR"]
[Result "0-1"]
[WhiteElo "1914"]
[BlackElo "2112"]

1.d4 Nf6 2.Bg5 d5 3.Bxf6 exf6 4.e3 Bd6 5.Bd3 c6 6.Nd2 Be6 7.h3 f5 8.Qf3 g6
9.Ne2 Nd7 10.Nf4 Qb6 11.Rb1 O-O-O 12.O-O Bb8 13.c4 Qc7 14.Rfc1 Nf6 15.b4 Ne4
16.Nb3 dxc4 17.Bxc4 Bxc4 18.Rxc4 g5 19.Ne2 Qh2+ 20.Kf1 Rd5 21.Rbc1 h5 22.Nc3 g4
23.Qd1 gxh3 24.Nxd5 Ng3+ 25.Ke1 hxg2 26.Kd2 Nf1+ 27.Qxf1 gxf1=Q 28.Rxf1 Qg2
29.Ne7+ Kd7 30.Ke2 Kxe7 31.Nc5 b6 32.Nd3 h4 33.Rcc1 h3 34.Rh1 h2 35.a3 Rg8  0-1

[Event "EYCC Boys U10"]
[Site "Batumi GEO"]
[Date "2010.09.26"]
[Round "7"]
[White "Martirosyan,Haik"]
[Black "Grela,K"]
[Result "1/2-1/2"]
[WhiteElo "1927"]
[BlackElo "1698"]

1.d4 Nf6 2.Bg5 g6 3.Bxf6 exf6 4.e3 Bg7 5.c4 O-O 6.Nc3 c5 7.d5 d6 8.g3 Nd7
9.Bg2 Ne5 10.Qe2 Qb6 11.b3 f5 12.Rc1 Bd7 13.Nf3 Ng4 14.O-O Nf6 15.Nd2 Rfe8
16.Qd3 Re7 17.Rfe1 Rae8 18.Kf1 Qc7 19.a3 Qa5 20.b4 cxb4 21.axb4 Qxb4 22.Rb1 Qa5
23.Ra1 Qc5 24.Nb3 Qb4 25.Nd4 Ne4 26.Reb1 Qxc3 27.Bxe4 Qxd3+ 28.Bxd3 f4 29.gxf4 Bh3+
30.Kg1 h5 31.Bf1 Bxf1 32.Kxf1 Bxd4 33.exd4 b6 34.Rb2 Rc8 35.Rc2 Re4 36.Rxa7 Rxd4
37.Rb7 Rxf4 38.Rxb6  1/2-1/2

[Event "39th Olympiad Women"]
[Site "Khanty-Mansiysk RUS"]
[Date "2010.09.28"]
[Round "7"]
[White "Rozic,V"]
[Black "Pina Vega,S"]
[Result "0-1"]
[WhiteElo "2289"]
[BlackElo "2322"]

1.d4 Nf6 2.Bg5 g6 3.Nf3 Bg7 4.Nbd2 O-O 5.c3 d6 6.e4 c5 7.dxc5 dxc5 8.Be2 Nc6
9.O-O Qc7 10.Qc2 h6 11.Bh4 Nh5 12.Rfe1 b6 13.Nc4 Bb7 14.Ne3 e6 15.Nd2 Nf4
16.Bf1 Nh5 17.Be2 Nf4 18.Bf1 g5 19.Bg3 Ne7 20.h4 Neg6 21.hxg5 hxg5 22.Nf3 Qe7
23.Rad1 Rad8 24.a4 Rxd1 25.Rxd1 Rd8 26.Rxd8+ Qxd8 27.Bc4 Qa8 28.Nd2 Ne5 29.Bf1 Bc6
30.Nec4 Nxc4 31.Bxc4 Qe8 32.b3 Qd8 33.Bxf4 gxf4 34.Nf3 Qf6 35.e5 Qh6 36.Be2 Bxf3
37.Bxf3 Bxe5 38.Qd3 Qf6 39.c4 Bd4 40.Bd1 Qh4 41.Qf3 Kf8 42.Qa8+ Ke7 43.Qf3 f5
44.Kf1 Kf6 45.g3 fxg3 46.fxg3 Qh3+ 47.Qg2 Qxg2+ 48.Kxg2 Kg5 49.Be2 e5 50.Bd1 e4
51.Bc2 Bc3 52.Bb1 Bd2 53.Bc2 Be1 54.Kh3 Kf6 55.g4 fxg4+ 56.Kxg4 Ke5 57.Bb1 Kd4
58.Kf5 e3 59.Kf4 Bd2 60.Kf3 Kc3 61.a5 bxa5  0-1

[Event "39th Olympiad Women"]
[Site "Khanty-Mansiysk RUS"]
[Date "2010.09.28"]
[Round "7"]
[White "Richards,De"]
[Black "Awad,O"]
[Result "1/2-1/2"]
[WhiteElo "2003"]
[BlackElo "1669"]

1.d4 Nf6 2.Bg5 g6 3.Bxf6 exf6 4.c4 Bg7 5.Nc3 d6 6.e3 O-O 7.Bd3 Nd7 8.Nf3 f5
9.O-O Nf6 10.Rc1 Re8 11.Nd2 c5 12.d5 a6 13.a3 Bd7 14.Qc2 Rb8 15.a4 Rc8 16.Rce1 Nh5
17.Ne2 Qa5 18.b3 b5 19.axb5 axb5 20.e4 fxe4 21.Nxe4 bxc4 22.bxc4 Qc7 23.Rb1 Nf6
24.N4c3 Rb8 25.Rxb8 Rxb8 26.Rb1 Ng4 27.Rxb8+ Qxb8 28.Qb1 Qxb1+ 29.Bxb1 Ne5
30.Ba2 Kf8 31.f4 Nd3 32.g3 Bh3 33.Ne4 Bg4 34.N4c3 Bh3 35.Bb1 Nb2 36.Ba2 Nd3
37.Bb3 Ke7 38.Nd1 Bg4 39.Ndc3 Bh3 40.Ba2 Kd7 41.Nb5 Bg4 42.Nec3 Bxc3 43.Nxc3 Nc1
44.Bb1 Ne2+ 45.Nxe2 Bxe2 46.Ba2 Ke7 47.Kf2 Bg4 48.Bb1 Kf6 49.Bd3 Bf5 50.Bxf5 Kxf5
51.Kf3 h5 52.h3 g5 53.g4+ hxg4+ 54.hxg4+ Kf6 55.Ke4 gxf4 56.Kxf4 Kg6 57.g5 f6
58.gxf6 Kxf6 59.Kg4 Ke5 60.Kg5 Kd4 61.Kf6 Kxc4 62.Ke6 Kb4 63.Kxd6 c4 64.Ke6 c3
65.d6 c2 66.d7 c1=Q 67.d8=Q  1/2-1/2

[Event "39th Olympiad Women"]
[Site "Khanty-Mansiysk RUS"]
[Date "2010.09.29"]
[Round "8"]
[White "Ho En Huei,D"]
[Black "Pintor,Ar"]
[Result "0-1"]
[WhiteElo "1914"]
[BlackElo "2110"]

1.d4 Nf6 2.Bg5 c5 3.Bxf6 gxf6 4.d5 Qb6 5.Qc1 f5 6.c4 Bg7 7.Nc3 d6 8.Nf3 Nd7
9.e3 Nf6 10.Be2 Ne4 11.Qc2 Qa5 12.Rc1 Bd7 13.O-O Nxc3 14.bxc3 a6 15.Nh4 e6
16.dxe6 fxe6 17.Qd3 O-O 18.Qxd6 Rad8 19.Rb1 Bc8 20.Qg3 Qxa2 21.Bf3 Rd7 22.e4 f4
23.Qg4 Qxc4 24.Rb6 Rd2 25.e5 Rf7 26.g3 Qxc3 27.gxf4 Rd4 28.Ng2 Qc2 29.Rfb1 Rd2
30.Ne3 Qg6 31.Qxg6 hxg6 32.Nc4 Rd4 33.Nd6 Rfxf4 34.Nxc8 Rxf3 35.Rxb7 a5 36.Ra7 Rf7
37.Rxa5 Rc7 38.Nd6 Bxe5 39.Nb5 Rg4+ 40.Kf1 Rd7 41.Rc1 Bd4 42.Nxd4 cxd4 43.Re5 Kf7
44.Rc6 d3 45.Re1 e5 46.f3 Ra4 47.Rd1 Ra2 48.Rc3 Rxh2 49.Rdxd3 Rxd3 50.Rxd3 Ke6
51.Kg1 Rb2 52.Ra3 Kf5 53.Ra4 Rd2 54.Rb4 Rd4 55.Rb8 Kf4 56.Rf8+ Kg3 57.Kf1 Rf4  0-1

[Event "39th Olympiad Men"]
[Site "Khanty-Mansiysk RUS"]
[Date "2010.09.30"]
[Round "9"]
[White "Mehmeti,D"]
[Black "Papaioannou,I"]
[Result "1-0"]
[WhiteElo "2415"]
[BlackElo "2622"]

1.d4 Nf6 2.Bg5 d5 3.Bxf6 gxf6 4.c4 Nc6 5.e3 e5 6.Nc3 exd4 7.exd4 Bb4 8.Nf3 Be6
9.Be2 dxc4 10.O-O Bxc3 11.bxc3 Rg8 12.Nd2 Bd5 13.Bf3 Ne7 14.Re1 c6 15.Qb1 Qd7
16.Bxd5 cxd5 17.Qxh7 Qg4 18.g3 Kf8 19.Qh6+ Qg7 20.Qf4 Re8 21.Qd6 Qg4 22.Re3 Rg6
23.Rae1 f5 24.Qc7 Re6 25.Rxe6 fxe6 26.Rxe6 Kf7 27.Re3 Qd1+ 28.Nf1 b5 29.Qe5 a5
30.Qe6+ Kg7 31.Qd7 Kf7 32.Qxb5 f4 33.gxf4 Rg8+ 34.Rg3 Rxg3+ 35.hxg3 a4 36.Qd7 Qe1
37.f5 Kf6 38.Qe6+ Qxe6 39.fxe6 Nc8 40.Ne3 Kxe6 41.f3 Nd6 42.Kf2 Nb5 43.Nd1 Kf5
44.Ke2 Ke6 45.Kd2 Nd6 46.Ne3 Nb5 47.Kc2 a3 48.Kd2 Nd6 49.g4 Ne8 50.Nc2  1-0

[Event "21st Open"]
[Site "Goch GER"]
[Date "2010.10.01"]
[Round "2.25"]
[White "Avis,F"]
[Black "Verfuerth,T"]
[Result "0-1"]
[WhiteElo "2004"]
[BlackElo "2160"]

1.d4 Nf6 2.Bg5 c5 3.d5 e6 4.Nc3 d6 5.e4 e5 6.Qd2 h6 7.Bxf6 Qxf6 8.Bd3 a6
9.a4 Qg6 10.g3 Be7 11.Nge2 f5 12.O-O-O O-O 13.f4 b5 14.fxe5 b4 15.Na2 dxe5
16.exf5 Bxf5 17.h4 Bd6 18.Kb1 e4 19.Bc4 e3 20.Qc1 Qg4 21.b3 Nd7 22.Qxe3 Rae8
23.Qd2 Nb6 24.Bxa6 c4 25.Nd4 cxb3 26.Nxb3 Nc4 27.Bxc4 Qxc4 28.Nac1 Bxg3 29.Nd3 Qxd5
30.Rhg1 Bxh4 31.Qxh6 Bf6 32.Qf4 Bc3 33.Qg3 Qc6 34.a5 Re2 35.Rh1 Be5 36.Nxb4 Bxc2+
37.Kc1 Bxg3 38.Nxc6 Bxb3 39.Rd3 Bf4+ 40.Kb1 Bc2+  0-1

[Event "21st Open"]
[Site "Goch GER"]
[Date "2010.10.01"]
[Round "2.13"]
[White "Moloney,N"]
[Black "Verbeeren,Peter"]
[Result "1-0"]
[WhiteElo "2227"]
[BlackElo "1988"]

1.d4 Nf6 2.Bg5 c5 3.Bxf6 exf6 4.d5 Qb6 5.Qc1 g6 6.Nd2 f5 7.e3 Bg7 8.c3 d6
9.Ne2 Nd7 10.h4 h6 11.Qc2 Nf6 12.Nf4 Bd7 13.a4 Qc7 14.Bd3 Ke7 15.O-O Rae8
16.Nc4 b6 17.Rfe1 Kd8 18.h5 g5 19.Ne2 f4 20.exf4 Nxh5 21.f5 Bc8 22.Ne3 Bd7
23.Qb3 Qb7 24.Bb5 Re4 25.Nc4 Kc7 26.Bxd7 Kxd7 27.f3 Re7 28.Qb5+ Kc7 29.Ng3 Rxe1+
30.Rxe1  1-0

[Event "21st Open"]
[Site "Goch GER"]
[Date "2010.10.02"]
[Round "4.24"]
[White "Avis,F"]
[Black "Thomas,In"]
[Result "0-1"]
[WhiteElo "2004"]
[BlackElo "2107"]

1.d4 Nf6 2.Bg5 c5 3.d5 Ne4 4.Bf4 Qb6 5.Bc1 e6 6.f3 Nf6 7.e4 d6 8.c4 exd5
9.exd5 Bf5 10.Bd3 Bxd3 11.Qxd3 Nbd7 12.f4 O-O-O 13.Nc3 g6 14.Nge2 Bg7 15.Rb1 Rde8
16.O-O Re7 17.h3 Rhe8 18.Ng3 h5 19.Bd2 h4 20.Nge2 Ne4 21.Nxe4 Rxe4 22.Nc3 R4e7
23.Rfe1 Bd4+ 24.Kh2 f5 25.Nb5 Rxe1 26.Bxe1 Be3 27.Bxh4 Bxf4+ 28.Kh1 a6 29.Nc3 Qb4
30.Qf1 Bd2 31.Qd3 Bh6 32.b3 Re3  0-1

[Event "21st Open"]
[Site "Goch GER"]
[Date "2010.10.03"]
[Round "6.16"]
[White "Moloney,N"]
[Black "Strater,H"]
[Result "1-0"]
[WhiteElo "2227"]
[BlackElo "2078"]

1.d4 Nf6 2.Bg5 g6 3.Bxf6 exf6 4.c4 c5 5.Nc3 cxd4 6.Qxd4 Nc6 7.Qe3+ Be7 8.Nf3 O-O
9.g3 Re8 10.Bg2 d5 11.cxd5 Nb4 12.Qd2 Bf5 13.O-O Bf8 14.a3 Na6 15.Nd4 Bd7
16.b4 Rc8 17.Rac1 Qb6 18.e3 f5 19.Nce2 Nc7 20.Nb3 Bb5 21.Rfe1 Bxe2 22.Qxe2 Nb5
23.Qa2 Nc3 24.Qd2 Ne4 25.Bxe4 fxe4 26.Rxc8 Rxc8 27.Rc1 Rd8 28.Nc5 Qd6 29.Nxb7 Qxd5
30.Qxd5 Rxd5 31.Nc5 f5 32.Ne6 Bd6 33.Rc8+ Kf7 34.Ng5+ Kf6 35.Nxh7+ Kg7 36.Ng5 a5
37.Ne6+ Kf6 38.Nc5 g5 39.h4 gxh4 40.gxh4 axb4 41.axb4 Rd1+ 42.Kg2 Rb1 43.Na6 Ra1
44.b5 Ra5 45.Rc6 Ke7 46.Rb6 Kd7 47.h5 f4 48.exf4 Bxf4 49.h6 e3 50.fxe3 Bxe3
51.Rb7+ Ke6 52.h7 Ra2+ 53.Kf3 Bd4 54.Ke4 Bc3 55.Nc7+ Kd6 56.Nd5 Ba1 57.Nf4 Rh2
58.Kf5 Rh1 59.Kg6 Rg1+ 60.Kf5 Rh1 61.Ke4 Re1+ 62.Kd3 Kc5 63.Kc2 Rh1 64.Kb3 Bf6
65.Nd3+ Kd6 66.Rb6+ Ke7 67.Kc4 Bg7 68.Kd5 Rxh7 69.Re6+ Kd8 70.Nc5 Rh5+ 71.Kc6 Rh6
72.Nb7+ Kc8 73.Nd6+ Kb8 74.Re8+ Ka7 75.b6+ Ka6 76.Ra8+  1-0

[Event "21st Open"]
[Site "Goch GER"]
[Date "2010.10.03"]
[Round "6.20"]
[White "Avis,F"]
[Black "Rosskothen,A"]
[Result "0-1"]
[WhiteElo "2004"]
[BlackElo "2133"]

1.d4 Nf6 2.Bg5 c5 3.d5 g6 4.Nc3 Bg7 5.e4 d6 6.Qd2 h6 7.Be3 a6 8.a4 Qa5 9.f3 Nbd7
10.Nd1 Qxd2+ 11.Bxd2 b6 12.c4 O-O 13.Nh3 Ne8 14.Be2 Nc7 15.O-O Nf6 16.Nhf2 Bd7
17.Nc3 Rfb8 18.f4 h5 19.h3 b5 20.e5 Nfe8 21.Bf3 bxc4 22.e6 Bc8 23.f5 fxe6
24.dxe6 Bb7 25.Nfe4 gxf5 26.Ng3 Bd4+ 27.Kh1 Ng7 28.Bg5 Ncxe6 29.Bxe7 Be5
30.Nxh5 Bxf3 31.Nxg7 Nxg7 32.Rxf3 Rxb2 33.Rd1 Rb3 34.Nd5 Rxf3 35.gxf3 Kf7
36.Bg5 Ne6 37.Bd2 Rb8 38.f4 Bd4 39.Rc1 Rb2 40.Ba5 Rb3 41.Kg2 c3 42.Bxc3 Nxf4+
43.Nxf4 Bxc3 44.Nd5 Be5 45.Rc4 Rg3+ 46.Kf1 Rxh3 47.Nc7 a5 48.Nd5 Ke6 49.Nb6 Bd4  0-1